000 00218 a2200097 4500
001 48177
100 _aHadi Hussain
245 _aA message from the east
260 _aKarachi
_bIqbal academy
_c
090 _c31145
_d31145
942 _aNUST-CAE
_cM
_c23498
999 _c283250
_d283250